000 00641cam a22002053a 4500
001 40519
003 PGUSA
005 20140828083914.0
008 120817s2012||||xxu|||||s|||||000 | eng d
040 _aPGUSA
_beng
042 _adc
100 1 _aLudlow, James M.
245 1 4 _aThe Captain of the Janizaries :
_bA story of the times of Scanderberg and the fall of Constantinople
_h[electronic resource] /
_cJames M. Ludlow
260 _bProject Gutenberg,
_c2012
506 _aPublic domain in the USA.
516 _aElectronic text
830 0 _aProject Gutenberg
_v40519
856 4 0 _uhttp://www.gutenberg.org/ebooks/40519
942 _cEB
999 _c269772
_d269772